| 000 | 00547nam a22002057a 4500 | ||
|---|---|---|---|
| 999 |
_c16560 _d16560 |
||
| 020 | _a1848216114 | ||
| 020 | _a978-1848216112 | ||
| 082 | _a621.42ROB | ||
| 100 | _aRobyns, Benoit | ||
| 245 | _aEnergy Storage in Electric Power Grid | ||
| 260 |
_aIndia: _bJohn Wiley & Sons, _c2015. |
||
| 300 | _a2008p.; | ||
| 650 | _aEnergy Storage | ||
| 650 | _a Electric Power | ||
| 700 | _aSaudemont, Christophe | ||
| 700 | _aFrançois, Bruno | ||
| 700 | _aDelille, Gauthier | ||
| 856 | _uhttp://10.10.170.122:8080/browse/book/25097 | ||
| 942 | _cBK | ||